00369nam a2200121Ia 4500008004100000020002200041041000800063082002400071100003100095245006100126260005100187300000900238230411s9999 xx 000 0 und d a978-93-86310-33-0 aeng aF/610.07/PIT/B09581 aPitre Sneha & Bhore Nilima aComprehensive Nursing MCQs for Nursing Competitive Exams bCBS Publishers & DistributorsaNew Delhic2017 a417p